K vývoju ekonomického myslenia v kontexte prírodných zdrojov
Ekonomické myslenie v kontexte prírodných zdrojov. Klasické ekonomické myslenie. Marginalistická revolúcia. Ekonomické teórie fyzikálnych zákonov. Bioekonómia. Ekologická ekonómia a priemyselná ekológia.
Gespeichert in:
| 1. Verfasser: | |
|---|---|
| Format: | Buchkapitel |
| Sprache: | Slowakisch |
| Schlagworte: | |
| Tags: |
Keine Tags, Fügen Sie das erste Tag hinzu!
|
MARC
| LEADER | 00000naa a2200000 4500 | ||
|---|---|---|---|
| 001 | 0119814 | ||
| 005 | 20240502072333.8 | ||
| 041 | 0 | |a slo | |
| 044 | |a SK | ||
| 245 | 1 | 0 | |a K vývoju ekonomického myslenia v kontexte prírodných zdrojov |c Richard Woltemar |
| 520 | |a Ekonomické myslenie v kontexte prírodných zdrojov. Klasické ekonomické myslenie. Marginalistická revolúcia. Ekonomické teórie fyzikálnych zákonov. Bioekonómia. Ekologická ekonómia a priemyselná ekológia. | ||
| 610 | 2 | 0 | |a myslenie ekonomické |
| 610 | 2 | 0 | |a teórie ekonomické |
| 610 | 2 | 0 | |a ekológia |
| 610 | 2 | 0 | |a zdroje prírodné |
| 610 | 2 | 0 | |a biopriemysel |
| 100 | 1 | |a Woltemar, Richard | |